Mrs. Barry / (Record no. 191007)
[ view plain ]
| 000 -LEADER | |
|---|---|
| fixed length control field | 01031 a2200169 4500 |
| 003 - CONTROL NUMBER IDENTIFIER | |
| control field | Nust |
| 005 - DATE AND TIME OF LATEST TRANSACTION | |
| control field | 20230131133645.0 |
| 040 ## - CATALOGING SOURCE | |
| Transcribing agency | Nust |
| 082 ## - DEWEY DECIMAL CLASSIFICATION NUMBER | |
| Classification number | 808.83,NIV |
| 100 ## - MAIN ENTRY--PERSONAL NAME | |
| Personal name | Niven, Frederick |
| 9 (RLIN) | 108247 |
| 245 ## - TITLE STATEMENT | |
| Title | Mrs. Barry / |
| Statement of responsibility, etc. | Frederick Niven, |
| 260 ## - PUBLICATION, DISTRIBUTION, ETC. | |
| Place of publication, distribution, etc. | Lodon |
| Name of publisher, distributor, etc. | Collins |
| Date of publication, distribution, etc. | 1933 |
| 300 ## - PHYSICAL DESCRIPTION | |
| Extent | 255 p |
| 505 ## - FORMATTED CONTENTS NOTE | |
| Formatted contents note | October Morning (Page-9), An Only Son (Page-22), Forenoon (Page-32), Afternoon (Page-40), Interlude (Page-49), A Deserving Case (Page-57), New old Cloth (Page-67), A Criminous Clerk (Page-82), The Plain – Clothes man (Page-89), Christmas Eve (Page-95), A Merry Christmas (Page-105), And A Happy New Year (Page-116), The Monkey – Wrench (Page-127), Roundabouts and Swings (Page-142), Ambassador Neil (Page-155), Sudden Wealth (Page-170), Out-Patients (Page-183), The Poor Man Doctor (Page-199), The Little Angel (Page-207), When Other Helpers Fail (Page-217), Consultation (Page-227), Mary Quantock (Page-242), A Rainy Night in Glasgow (Page-248). |
| 650 ## - SUBJECT ADDED ENTRY--TOPICAL TERM | |
| Topical term or geographic name entry element | Novel |
| 9 (RLIN) | 2525 |
| 942 ## - ADDED ENTRY ELEMENTS (KOHA) | |
| Source of classification or shelving scheme | |
| Koha item type | Book |
| Call number prefix | 808.83,NIV |
| Withdrawn status | Lost status | Source of classification or shelving scheme | Damaged status | Not for loan | Permanent Location | Current Location | Shelving location | Date acquired | Full call number | Barcode | Date last seen | Price effective from | Koha item type | Public note |
|---|---|---|---|---|---|---|---|---|---|---|---|---|---|---|
| Military College of Signals (MCS) | Military College of Signals (MCS) | General Stacks | 12/12/2016 | 808.83,NIV | MCS29859 | 12/08/2016 | 12/12/2016 | Book | Almirah No. 57, Shelf No.1 |
